00754 2200265 4500001002100000005001500021035002000036008004100056020002200097040001700119041000800136082001700144084001900161090002300180090002100203245004700224250003500271260003600306300004800342850001200390100001100402651003300413999002100446990002100467INLIS00000000079419220190709111537 a0010-0818000063180802 ind  a978-602-453-754-8 aYOPDYOGbind0 aind04223a330.9598 a330.9598 SAT b aDEP 330.9598 SAT b aCB-D.11 2018-4840 aBuku ajar perekonomian Indonesia /cSattar aCetakan pertama: Februari 20183 aYogyakarta :bDeepublish,c2018 axxvi, 443 halaman :btabel, grafik ;c20 cm aYOPDYOG0 aSattar 4aIndonesia--vKeadaan ekonomi aCB-D.11 2018-484 aCB-D.11/2018-484